The Missoulian

Bibliographic Details
Format: Newspaper
Language:English
Published: Missoula, Mont. : Missoulian-Sentinel, 1961-
Subjects:
Online Access:Acceso restringido

MARC

LEADER 00000cas a2200000 a 4500
005 20141119122512.0
007 cr |||||||||||
008 831024c19619999xxudr nes 0 a0eng c
022 1 |a 0746-4495 
035 |a 4420 
040 |a vLex 
090 |c 5295  |d 5295 
222 0 |a Missoulian  |b (Missoula, Mont. 1961) 
245 1 4 |a The Missoulian  |h [Recurso electrn̤ico] 
246 1 0 |a Sunday Missoulian 
246 1 0 |a Missoulian-sentinel 
256 |a Servicio en ln̕ea 
260 |a Missoula, Mont. :  |b Missoulian-Sentinel,  |c 1961- 
300 |a 1 recurso electrn̤ico 
362 0 |a 89th year, no. 114 (Sept. 13, 1961)- 
506 1 |a Contenido disponible en los productos indicados  |d vLex Global  |d vLex Global (Academic Edition, excluding Law Schools)  |d vLex Global (U.S. Academic Edition, excluding Law Schools) 
651 7 |a Missoula (Montana)  |x Revistas 
740 0 |a vLex Revistas (Servicio en ln̕ea) 
856 4 0 |z Acceso restringido  |u http://vlex.com/source/missoulian-4420/ 
942 |c REV 
999 0 |a Newspapers